La inoculación preventiva contra el cólera morbo asiático / (Record no. 184292)

MARC details
000 -LEADER
campo de control de longitud fija 00944nam a2200217 i 4500
001 - NÚMERO DE CONTROL
campo de control 184292
003 - IDENTIFICADOR DE NÚMERO DE CONTROL
campo de control ES-MaACL
005 - FECHA Y HORA DE LA ÚLTIMA TRANSACCIÓN
campo de control 20250825214713.0
008 - DATOS DE LONGITUD FIJA--INFORMACIÓN GENERAL
campo de control de longitud fija 150612s1886 sp |||| | spa d
100 1# - ENTRADA PRINCIPAL--NOMBRE DE PERSONA
Nombre de persona Ferrán y Clúa, Jaime.
9 (RLIN) 50249
245 13 - MENCIÓN DEL TÍTULO
Título La inoculación preventiva contra el cólera morbo asiático /
Mención de responsabilidad, etc. por J. Ferrán ; con la colaboración de los Dres. Gimeno y Paulí.
260 ## - PUBLICACIÓN, DISTRIBUCIÓN, ETC.
Lugar de publicación, distribución, etc. Valencia :
Nombre del editor, distribuidor, etc. Imp. y Librería de Ramón Ortega,
Fecha de publicación, distribución, etc. 1886.
300 ## - DESCRIPCIÓN FÍSICA
Extensión 337 p. ;
Dimensiones 24 cm.
530 ## - NOTA DISPONIBLE DE FORMULARIO FÍSICO ADICIONAL
Nota de formato físico adicional disponible Disponible en formato digital.
650 ## - PUNTO DE ACCESO ADICIONAL DE MATERIA--TÉRMINO DE MATERIA
Término de materia o nombre geográfico como elemento de entrada Cólera-
Subdivisión general Vacunación.
9 (RLIN) 170625
700 1# - ENTRADA AGREGADA--NOMBRE PERSONAL
Nombre de persona Gimeno, Amalio,
Fechas asociadas al nombre 1850-1936
9 (RLIN) 57076
700 1# - ENTRADA AGREGADA--NOMBRE PERSONAL
Nombre de persona Paulí I Galceran, Inocent (
Fechas asociadas al nombre 1854-1921)
9 (RLIN) 157012
852 ## - LOCALIZACIÓN
Ubicación ES-MaACL
Número de control de estantería T-835-F-2
Nota libre .- Enc. en un vol. facticio conservando la enc. original
-- .- Ded. ms. de los autores
856 ## - LOCALIZACIÓN Y ACCESO ELECTRÓNICOS
Identificador Uniforme de Recursos <a href="http://bdh-rd.bne.es/viewer.vm?id=0000117787&page=1 ">http://bdh-rd.bne.es/viewer.vm?id=0000117787&page=1 </a>
Nota pública Biblioteca Digital Hispánica
Holdings
Estatus retirado Estado de pérdida Estado de daño No para préstamo Colección Biblioteca de origen Biblioteca actual Ubicación en estantería Fecha de adquisición Fuente de adquisición Total de préstamos Signatura topográfica completa Código de barras Visto por última vez Precio de reemplazo Tipo de ítem Koha
        Colección de folletos Biblioteca del Ateneo de Madrid Biblioteca del Ateneo de Madrid Depósito folletos 12/06/2015     T-835-F-2 1193873 23/02/2023 23/02/2023 Folleto